Economic growth model and possible problems of the Slovak economy

Salvato in:
Dettagli Bibliografici
Autore principale: Husár, Jaroslav
Natura: Capitolo di libro
Lingua:inglese
Soggetti:
Tags: Aggiungi Tag
Nessun Tag, puoi essere il primo ad aggiungerne!!

MARC

LEADER 00000naa$a2200000$$$4500
001 0022119
005 20240502071412.9
041 0 |a eng 
044 |a SK 
245 1 0 |a Economic growth model and possible problems of the Slovak economy  |c Jaroslav Husár 
610 2 0 |a rast hospodársky 
610 2 0 |a modely rastu 
610 2 0 |a riziko 
610 2 0 |a Slovensko 
100 1 |a Husár, Jaroslav